| 000 | 01845cam a2200361 a 4500 | ||
|---|---|---|---|
| 001 | 000014630 | ||
| 005 | 20200929163858.0 | ||
| 008 | 990702s1999 mx a b f001 0 spa | ||
| 020 | _a9686384308 | ||
| 035 | _a(DLC) 99223155 | ||
| 035 | _a(MxMxBFM)bm 970104776 | ||
| 040 |
_aDO-SdBNP _cDLC _dDLC |
||
| 043 | _acl----- | ||
| 050 | 0 | 0 |
_aF1414 _b.L293 1999 |
| 082 |
_annn _bL357 |
||
| 245 | 0 | 0 |
_aLatinoamérica, cultura de culturas / _ccompiladores ; Leopoldo Zea, Mario Magallón,. |
| 260 |
_aMéxico : _bInstituto Panamericano de Geografía e Historia, _bFondo de Cultura Económica, _c1999. |
||
| 300 |
_a153 p. : _bil. ; _c21 cm. |
||
| 490 | 1 |
_aLatinoamérica fin de milenio _v2 |
|
| 490 | 1 | _aTierra firme | |
| 500 | _a"La cultura"--Cover. | ||
| 504 | _aIncluye referencias bibliográficas. | ||
| 505 | 0 | _aIntegración, el gran desafío para Latinoamérica / presentación, Leopoldo Zea -- Presencia del indio en la cultura latinoamericana actual / Claudio Malo González -- Vigencia del integracionismo de Lucas Alamán / Salvador Méndez Reyes -- Tres debates culturales durante la transición chilena a la democracia : el fin da la historia, el rol del intelectual, el quinto centenario / Javier Pinedo Castro -- José Martí y el proyecto emancipador cubano / Enrique Ubieta Gómez -- Tiempo y movimiento en la mixteca alta : la preservación de un monumento, 1933-1993 / Magdalena Vences Vidal. | |
| 651 | 0 |
_aLatin America _xCivilization _y20th century. _933153 |
|
| 650 | 0 |
_aIdentity (psychology) _zLatin America. _933154 |
|
| 650 | 0 |
_aInternational economic integration. _933155 |
|
| 700 | 1 |
_aZea, Leopoldo, _d1912- _93675 |
|
| 700 | 1 |
_aMagallón, Mario. _919796 |
|
| 830 | 0 |
_aLatinoamérica fin de milenio ; _v2 _pTierra firme _919786 |
|
| 910 | _aCatalogación por copia / LC | ||
| 082 | 0 | 0 |
_a980.03/3 _221 |
| 049 | _aBNGR | ||
| 999 |
_c14214 _d14214 |
||